Úvod k zborníku abstraktov

Na minha lista:
Detalhes bibliográficos
Autor principal: Fendeková, Eleonora, 1952-
Outros Autores: Grisáková, Nora, 1978-, Kintler, Jakub, 1979-, Kufelová, Iveta, 1970-
Formato: Capítulo de Livro
Idioma:eslovaco
Tags: Adicionar Tag
Sem tags, seja o primeiro a adicionar uma tag!

MARC

LEADER 00000nla a2200000 4500
001 0194961
005 20240502073252.6
041 0 |a slo 
044 |a SK 
245 1 0 |a Úvod k zborníku abstraktov  |c Eleonora Fendeková, Nora Grisáková, Jakub Kintler, Iveta Kufelová 
100 1 |a Fendeková, Eleonora, 1952- 
700 1 |a Grisáková, Nora, 1978- 
700 1 |a Kintler, Jakub, 1979- 
700 1 |a Kufelová, Iveta, 1970-